[Event "GER-chT Nord-Ost U20 U20 1112"]
[Site "Germany"]
[Date "2012.05.12"]
[Round "8"]
[White "Nguyen, Manh Phong"]
[Black "Hunstock, Fabian"]
[Result "1-0"]
[WhiteElo "1266"]
[BlackElo "1132"]
[PlyCount "41"]
[EventDate "2011.09.24"]
[EventType "team-tourn"]
[EventRounds "9"]
[EventCountry "GER"]
[SourceTitle "EXT 2015"]
[Source "ChessBase"]
[SourceDate "2014.11.20"]
[SourceVersion "1"]
[SourceVersionDate "2014.11.20"]
[SourceQuality "1"]

1. e4 e5 2. Nf3 Nc6 3. Bc4 d6 4. Nc3 Bg4 5. d3 Be7 6. Be3 Nf6 7. h3 Bh5 8. Qe2 Qd7 9. Bb5 a6 10. Ba4 0-0 11. g4 Nxg4 12. hxg4 Qxg4 13. Nh4 Bxh4 14. Qxg4 Bxf2+ 15. Kxf2 Bxg4 16. Rag1 h5 17. Nd5 Rac8 18. Bxc6 bxc6 19. Ne7+ Kh8 20. Nxc8 Rxc8 21. Rxg4 1-0

[Event "GER-chT Nord-Ost U20 U20 1112"]
[Site "Germany"]
[Date "2011.11.12"]
[Round "3.6"]
[White "Ernst, Tobias"]
[Black "Hunstock, Fabian"]
[Result "1-0"]
[WhiteElo "1153"]
[BlackElo "1132"]
[PlyCount "55"]
[EventDate "2011.09.24"]
[EventType "team-tourn"]
[EventRounds "9"]
[EventCountry "GER"]
[SourceTitle "EXT 2015"]
[Source "ChessBase"]
[SourceDate "2014.11.20"]
[SourceVersion "1"]
[SourceVersionDate "2014.11.20"]
[SourceQuality "1"]

1. e4 e5 2. Nf3 Nc6 3. Bc4 Nf6 4. Ng5 d5 5. exd5 Na5 6. Bb5+ c6 7. dxc6 bxc6 8. Ba4 Rb8 9. Nc3 Ba6 10. d3 Bd6 11. 0-0 Bc5 12. a3 Bd4 13. Bd2 Rxb2 14. Rb1 Qb6 15. Rxb2 Qxb2 16. Qb1 Qxb1 17. Rxb1 0-0 18. Nce4 Nxe4 19. Nxe4 Nb7 20. Bxc6 Nc5 21. Nd6 Rd8 22. Ba5 Rf8 23. Bd5 h5 24. Nxf7 Rxf7 25. Rb8+ Kh7 26. Bxf7 Kh6 27. Bd2+ g5 28. Rg8 1-0

[Event "Potsdam Christmas 35th"]
[Site "Potsdam"]
[Date "2010.12.28"]
[Round "3.37"]
[White "Schwarz, Oliver"]
[Black "Hunstock, Fabian"]
[Result "1-0"]
[WhiteElo "1860"]
[BlackElo "1123"]
[PlyCount "43"]
[EventDate "2010.12.27"]
[EventType "swiss"]
[EventRounds "7"]
[EventCountry "GER"]
[SourceTitle "EXT 2022"]
[Source "ChessBase"]
[SourceDate "2021.10.06"]
[SourceVersion "1"]
[SourceVersionDate "2021.10.06"]
[SourceQuality "1"]

1. e4 e5 2. Nf3 Nc6 3. d4 d6 4. dxe5 dxe5 5. Qxd8+ Kxd8 6. Bc4 f6 7. Be3 Nge7 8. Nc3 a6 9. 0-0-0+ Ke8 10. h3 Bd7 11. g4 h6 12. Nh4 g5 13. Nf5 Nxf5 14. gxf5 Rd8 15. Nd5 Nd4 16. Nxc7+ Ke7 17. Nd5+ Ke8 18. Nxf6+ Ke7 19. Nd5+ Ke8 20. Rxd4 exd4 21. Bxd4 Bb5 22. Bxb5+ 1-0